| 000 | 00945cab a2200229 4500 | ||
|---|---|---|---|
| 001 | X88239 | ||
| 008 | 090401t1997 xxu||||| |||| 00| 0 eng d | ||
| 035 | _a(Sirsi) u82624 | ||
| 041 | _aeng | ||
| 245 | _aParkins v Westminster CC | ||
| 260 | _c1997 | ||
| 350 | _a0 | ||
| 490 |
_aEstates Gazette Case Summaries _v[1997] EGCS 163 (6/12/97) |
||
| 520 | _aCA 20 November 1997. Council making licensee agreement with tenant - council served notice to quit on tenant - tenant claimed secured tenancy under Housing Act 1985 pt IV - whether premises let as separate dwelling - county court dimissed claim for possession - CA allowed appeal (Headnote from journal) | ||
| 650 | _aHOUSING ACT 1985 PT IV | ||
| 650 | _aLICENSEE AGREEMENTS | ||
| 650 | _aPARKINS V WESTMINSTER CC | ||
| 650 | _aSECURED TENANCY | ||
| 690 | _aPROPERTY-RESIDENTIAL PROPERTY-RESIDENTIAL LANDLORD AND TENANT-RESIDENTIAL TENANCIES | ||
| 942 | _n0 | ||
| 948 | _c10/12/1997 | ||
| 999 |
_c52189 _d52189 |
||